[Event "European Youth Chess Championship G18"]
[Site "Prague, Top Hotel Prague"]
[Date "2012.08.19"]
[Round "3.1"]
[White "Goryachkina, Aleksandra"]
[Black "Wisniowska, Klaudia"]
[Result "1/2-1/2"]
[WhiteElo "2361"]
[BlackElo "2181"]
[PlyCount "0"]
[EventDate "2012.08.17"]

1. d4 {[%clk 1:30:56]} Nf6 {[%clk 1:30:55]} 2. c4 {[%clk 1:31:22]} g6
{[%clk 1:31:21]} 3. Nc3 {[%clk 1:31:48]} Bg7 {[%clk 1:31:45]} 4. e4
{[%clk 1:32:15]} d6 {[%clk 1:32:10]} 5. Nge2 {[%clk 1:32:41]} O-O
{[%clk 1:31:09]} 6. Ng3 {[%clk 1:33:07]} e5 {[%clk 1:22:05]} 7. d5
{[%clk 1:32:37]} a5 {[%clk 1:19:36]} 8. Be2 {[%clk 1:30:39]} Na6 {[%clk 1:19:10]}
9. Bg5 {[%clk 1:30:36]} h6 {[%clk 1:15:31]} 10. Be3 {[%clk 1:30:50]} Nh7
{[%clk 1:07:07]} 11. Qd2 {[%clk 1:27:03]} h5 {[%clk 1:07:06]} 12. O-O-O
{[%clk 1:26:39]} Bf6 {[%clk 1:00:05]} 13. Nf1 {[%clk 1:17:01]} Bg5
{[%clk 0:58:04]} 14. Bxg5 {[%clk 1:15:22]} Qxg5 {[%clk 0:58:20]} 15. Ne3
{[%clk 1:15:09]} h4 {[%clk 0:51:03]} 16. g3 {[%clk 1:10:42]} Nf6 {[%clk 0:47:47]}
17. Rdf1 {[%clk 1:06:19]} Nc5 {[%clk 0:40:56]} 18. f4 {[%clk 0:55:02]} Qh6
{[%clk 0:35:23]} 19. fxe5 {[%clk 0:48:14]} Nfxe4 {[%clk 0:35:31]} 20. Nxe4
{[%clk 0:47:57]} Nxe4 {[%clk 0:35:54]} 21. Qd4 {[%clk 0:47:51]} Bf5
{[%clk 0:33:40]} 22. Kc2 {[%clk 0:30:45]} dxe5 {[%clk 0:31:30]} 23. Nxf5
{[%clk 0:30:33]} gxf5 {[%clk 0:28:35]} 24. Qd3 {[%clk 0:30:45]} Qh7
{[%clk 0:22:10]} 25. Qf3 {[%clk 0:26:34]} Ng5 {[%clk 0:20:19]} 26. Qxf5
{[%clk 0:24:37]} h3 {[%clk 0:18:53]} 27. Bd3 {[%clk 0:23:47]} Qxf5
{[%clk 0:19:16]} 28. Bxf5 {[%clk 0:20:26]} b6 {[%clk 0:17:04]} 29. Rd1
{[%clk 0:20:09]} Rad8 {[%clk 0:16:20]} 30. Rhf1 {[%clk 0:19:49]} Kg7
{[%clk 0:16:04]} 31. b3 {[%clk 0:18:45]} Rd6 {[%clk 0:14:58]} 32. a3
{[%clk 0:15:57]} Rfd8 {[%clk 0:14:06]} 33. Rde1 {[%clk 0:15:04]} Re8
{[%clk 0:13:16]} 34. Kc3 {[%clk 0:14:52]} f6 {[%clk 0:05:50]} 35. b4
{[%clk 0:13:12]} axb4+ {[%clk 0:04:32]} 36. axb4 {[%clk 0:13:19]} b5
{[%clk 0:04:48]} 37. Ra1 {[%clk 0:11:55]} bxc4 {[%clk 0:04:29]} 38. Ra7
{[%clk 0:11:03]} Rxd5 {[%clk 0:03:59]} 39. Rxc7+ {[%clk 0:11:07]} Kh6
{[%clk 0:03:23]} 40. Bc2 {[%clk 0:39:40]} Re6 {[%clk 0:31:21]} 41. Ra1
{[%clk 0:37:45]} e4 {[%clk 0:27:20]} 42. Rxc4 {[%clk 0:35:04]} Re7
{[%clk 0:23:46]} 43. Re1 {[%clk 0:22:34]} e3 {[%clk 0:22:24]} 44. Re2
{[%clk 0:22:43]} Rde5 {[%clk 0:17:44]} 45. Rc5 {[%clk 0:20:56]} Ne4+
{[%clk 0:17:20]} 46. Bxe4 {[%clk 0:21:12]} Rxe4 {[%clk 0:17:38]} 47. Rc4
{[%clk 0:19:34]} Kg5 {[%clk 0:16:35]} 48. Rxe4 {[%clk 0:18:50]} Rxe4
{[%clk 0:16:59]} 49. Kd3 {[%clk 0:18:43]} 1/2-1/2

[Event "European Youth Chess Championship G18"]
[Site "Prague, Top Hotel Prague"]
[Date "2012.08.19"]
[Round "3.2"]
[White "Schulz, Anja"]
[Black "Aranaz Murillo, Amalia"]
[Result "1/2-1/2"]
[WhiteElo "2108"]
[BlackElo "2237"]
[PlyCount "0"]
[EventDate "2012.08.17"]

1. e4 {[%clk 1:30:58]} e6 {[%clk 1:30:53]} 2. d4 {[%clk 1:31:24]} d5
{[%clk 1:31:17]} 3. Nc3 {[%clk 1:31:48]} Nf6 {[%clk 1:31:37]} 4. e5
{[%clk 1:32:13]} Nfd7 {[%clk 1:32:01]} 5. Nf3 {[%clk 1:32:37]} c5
{[%clk 1:32:22]} 6. dxc5 {[%clk 1:32:47]} Nc6 {[%clk 1:32:43]} 7. Bf4
{[%clk 1:32:56]} Bxc5 {[%clk 1:32:49]} 8. Bd3 {[%clk 1:33:06]} h6
{[%clk 1:31:44]} 9. a3 {[%clk 1:27:27]} a6 {[%clk 1:23:36]} 10. Qe2
{[%clk 1:23:31]} b5 {[%clk 1:17:18]} 11. O-O {[%clk 1:19:38]} g5 {[%clk 1:13:46]}
12. Bg3 {[%clk 1:19:15]} g4 {[%clk 1:14:04]} 13. Nd2 {[%clk 1:18:19]} Qg5
{[%clk 1:12:52]} 14. Nb3 {[%clk 1:08:32]} Bb6 {[%clk 1:07:03]} 15. Rae1
{[%clk 0:51:47]} h5 {[%clk 0:59:15]} 16. Nxd5 {[%clk 0:34:35]} exd5
{[%clk 0:55:29]} 17. e6 {[%clk 0:34:48]} Nf6 {[%clk 0:52:10]} 18. Bxb5
{[%clk 0:31:01]} axb5 {[%clk 0:50:46]} 19. Qxb5 {[%clk 0:31:13]} O-O
{[%clk 0:50:30]} 20. Qxc6 {[%clk 0:29:20]} Ra6 {[%clk 0:49:31]} 21. exf7+
{[%clk 0:27:35]} Kg7 {[%clk 0:49:54]} 22. Qc3 {[%clk 0:27:01]} Bb7
{[%clk 0:45:09]} 23. Re5 {[%clk 0:25:33]} Qg6 {[%clk 0:44:59]} 24. Rfe1
{[%clk 0:23:47]} Rxf7 {[%clk 0:40:52]} 25. Bh4 {[%clk 0:22:24]} Kh7
{[%clk 0:40:36]} 26. Rg5 {[%clk 0:21:10]} Qh6 {[%clk 0:40:46]} 27. Qe5
{[%clk 0:17:53]} Bc8 {[%clk 0:34:46]} 28. Nd4 {[%clk 0:16:14]} Bc7
{[%clk 0:32:22]} 29. Qe3 {[%clk 0:13:34]} Bb7 {[%clk 0:30:30]} 30. Nf5
{[%clk 0:12:17]} Qf8 {[%clk 0:30:33]} 31. Qd3 {[%clk 0:11:11]} Ne4
{[%clk 0:29:23]} 32. Rxh5+ {[%clk 0:06:41]} Kg6 {[%clk 0:29:47]} 33. Rh6+
{[%clk 0:07:02]} Qxh6 {[%clk 0:30:01]} 34. Nxh6 {[%clk 0:07:29]} Kxh6
{[%clk 0:30:26]} 35. h3 {[%clk 0:04:53]} Rg6 {[%clk 0:27:01]} 36. hxg4
{[%clk 0:03:25]} Bb6 {[%clk 0:27:17]} 37. g5+ {[%clk 0:02:36]} Kg7
{[%clk 0:27:16]} 38. Rd1 {[%clk 0:00:42]} Rf4 {[%clk 0:24:24]} 39. Qh3
{[%clk 0:00:43]} Nxf2 {[%clk 0:22:41]} 40. Qd7+ {[%clk 0:30:37]} Rf7
{[%clk 0:53:04]} 41. Qxf7+ {[%clk 0:30:30]} Kxf7 {[%clk 0:53:29]} 42. Bxf2
{[%clk 0:30:55]} Bxf2+ {[%clk 0:52:16]} 43. Kxf2 {[%clk 0:30:07]} Rb6
{[%clk 0:52:40]} 44. b3 {[%clk 0:27:48]} Kg6 {[%clk 0:53:00]} 45. Rd2
{[%clk 0:26:25]} Kxg5 {[%clk 0:52:36]} 46. Ke3 {[%clk 0:25:43]} Kf5
{[%clk 0:51:55]} 47. Kd4 {[%clk 0:25:34]} Rg6 {[%clk 0:51:26]} 48. a4
{[%clk 0:24:54]} Rg4+ {[%clk 0:48:44]} 49. Kc5 {[%clk 0:24:38]} Ke5
{[%clk 0:48:58]} 50. a5 {[%clk 0:22:39]} d4 {[%clk 0:46:22]} 51. g3
{[%clk 0:21:54]} Rg6 {[%clk 0:43:26]} 52. b4 {[%clk 0:19:39]} Rc6+
{[%clk 0:43:42]} 53. Kb5 {[%clk 0:20:02]} Kd5 {[%clk 0:42:57]} 54. Rf2
{[%clk 0:19:02]} Ba6+ {[%clk 0:43:02]} 55. Ka4 {[%clk 0:19:28]} Ke4
{[%clk 0:39:06]} 56. g4 {[%clk 0:17:31]} Ke3 {[%clk 0:39:16]} 57. Rh2
{[%clk 0:16:24]} Be2 {[%clk 0:38:08]} 58. Kb3 {[%clk 0:16:02]} Bxg4
{[%clk 0:38:18]} 59. b5 {[%clk 0:12:03]} Be6+ {[%clk 0:38:24]} 60. Ka3
{[%clk 0:11:26]} Rc3+ {[%clk 0:38:24]} 61. Kb4 {[%clk 0:11:38]} Rc4+
{[%clk 0:38:43]} 62. Ka3 {[%clk 0:12:04]} Rc3+ {[%clk 0:39:08]} 63. Kb4
{[%clk 0:12:27]} Rc4+ {[%clk 0:39:34]} 1/2-1/2

[Event "European Youth Chess Championship G18"]
[Site "Prague, Top Hotel Prague"]
[Date "2012.08.19"]
[Round "3.3"]
[White "Petrukhina, Irina"]
[Black "Severina, Maria"]
[Result "1-0"]
[WhiteElo "2212"]
[BlackElo "2147"]
[PlyCount "0"]
[EventDate "2012.08.17"]

1. d4 {[%clk 1:30:56]} Nf6 {[%clk 1:30:57]} 2. c4 {[%clk 1:31:13]} e6
{[%clk 1:31:23]} 3. Nf3 {[%clk 1:31:34]} d5 {[%clk 1:30:45]} 4. g3
{[%clk 1:31:43]} Bb4+ {[%clk 1:30:03]} 5. Bd2 {[%clk 1:31:16]} Be7
{[%clk 1:30:17]} 6. Bg2 {[%clk 1:31:12]} c6 {[%clk 1:30:18]} 7. Qc2
{[%clk 1:29:44]} O-O {[%clk 1:29:38]} 8. O-O {[%clk 1:30:03]} b6 {[%clk 1:30:06]}
9. Rd1 {[%clk 1:29:46]} Bb7 {[%clk 1:26:59]} 10. Bf4 {[%clk 1:13:24]} Nbd7
{[%clk 1:21:04]} 11. Nc3 {[%clk 1:13:07]} dxc4 {[%clk 1:09:51]} 12. Ne5
{[%clk 1:12:05]} Nd5 {[%clk 1:09:17]} 13. Nxc4 {[%clk 1:10:55]} Nxf4
{[%clk 1:06:46]} 14. gxf4 {[%clk 1:11:23]} Nf6 {[%clk 0:47:27]} 15. e3
{[%clk 0:43:16]} Nd5 {[%clk 0:40:36]} 16. Ne5 {[%clk 0:42:06]} Qe8
{[%clk 0:36:32]} 17. Rac1 {[%clk 0:38:07]} f6 {[%clk 0:34:11]} 18. Nd3
{[%clk 0:34:33]} Bd6 {[%clk 0:30:01]} 19. Kh1 {[%clk 0:26:39]} Rc8
{[%clk 0:28:47]} 20. Qe2 {[%clk 0:25:02]} Bb8 {[%clk 0:22:01]} 21. Ne4
{[%clk 0:21:49]} Qe7 {[%clk 0:20:13]} 22. Qh5 {[%clk 0:20:36]} Nb4
{[%clk 0:15:03]} 23. Nxb4 {[%clk 0:16:06]} Qxb4 {[%clk 0:15:32]} 24. b3
{[%clk 0:15:49]} Qe7 {[%clk 0:15:32]} 25. Rc4 {[%clk 0:14:35]} e5
{[%clk 0:11:03]} 26. dxe5 {[%clk 0:11:45]} fxe5 {[%clk 0:11:31]} 27. fxe5
{[%clk 0:09:47]} Bxe5 {[%clk 0:10:40]} 28. Ng5 {[%clk 0:08:24]} h6
{[%clk 0:06:27]} 29. Nf3 {[%clk 0:07:39]} Bb8 {[%clk 0:06:12]} 30. Rg4
{[%clk 0:05:54]} c5 {[%clk 0:05:26]} 31. Rg6 {[%clk 0:04:54]} Be4
{[%clk 0:04:16]} 32. Nh4 {[%clk 0:02:13]} Rxf2 {[%clk 0:03:20]} 33. Rxh6
{[%clk 0:01:28]} Bxg2+ {[%clk 0:01:40]} 34. Nxg2 {[%clk 0:01:56]} gxh6
{[%clk 0:01:55]} 35. Qg4+ {[%clk 0:02:06]} Qg7 {[%clk 0:01:24]} 36. Qxc8+
{[%clk 0:02:34]} Kh7 {[%clk 0:01:53]} 37. Nf4 {[%clk 0:02:05]} Bd6
{[%clk 0:00:50]} 38. Qf5+ {[%clk 0:01:52]} Kg8 {[%clk 0:00:42]} 39. Rg1
{[%clk 0:01:57]} 1-0

[Event "European Youth Chess Championship G18"]
[Site "Prague, Top Hotel Prague"]
[Date "2012.08.19"]
[Round "3.4"]
[White "Shvayger, Yuliya"]
[Black "Khlichkova, Tatiana"]
[Result "0-1"]
[WhiteElo "2202"]
[BlackElo "2123"]
[PlyCount "0"]
[EventDate "2012.08.17"]

1. e4 {[%clk 1:30:58]} d5 {[%clk 1:30:55]} 2. exd5 {[%clk 1:31:22]} Nf6
{[%clk 1:31:08]} 3. d4 {[%clk 1:30:26]} Bg4 {[%clk 1:31:05]} 4. Nf3
{[%clk 1:28:49]} Nxd5 {[%clk 1:30:12]} 5. Be2 {[%clk 1:25:22]} e6
{[%clk 1:27:29]} 6. O-O {[%clk 1:20:37]} Bd6 {[%clk 1:18:29]} 7. Ne5
{[%clk 1:10:43]} Bxe2 {[%clk 1:17:32]} 8. Qxe2 {[%clk 1:11:11]} O-O
{[%clk 1:16:54]} 9. c4 {[%clk 1:10:51]} Ne7 {[%clk 1:15:48]} 10. Nc3
{[%clk 1:05:45]} Nbc6 {[%clk 1:09:16]} 11. Rd1 {[%clk 1:00:51]} Qe8
{[%clk 1:08:06]} 12. Nb5 {[%clk 0:39:08]} Nf5 {[%clk 1:02:07]} 13. Nxc6
{[%clk 0:36:56]} bxc6 {[%clk 0:59:50]} 14. Nc3 {[%clk 0:34:06]} c5
{[%clk 1:00:06]} 15. dxc5 {[%clk 0:33:24]} Bxc5 {[%clk 1:00:26]} 16. Bf4
{[%clk 0:29:12]} Qe7 {[%clk 0:47:31]} 17. Ne4 {[%clk 0:27:24]} Bb6
{[%clk 0:47:10]} 18. Qh5 {[%clk 0:24:49]} f6 {[%clk 0:24:33]} 19. Rd3
{[%clk 0:06:33]} g6 {[%clk 0:23:51]} 20. Qd1 {[%clk 0:06:09]} Rad8
{[%clk 0:16:37]} 21. Bg3 {[%clk 0:03:49]} Bd4 {[%clk 0:16:26]} 22. Qc2
{[%clk 0:02:53]} c5 {[%clk 0:16:14]} 23. Re1 {[%clk 0:03:10]} Qb7
{[%clk 0:13:36]} 24. Rb3 {[%clk 0:02:55]} Qc6 {[%clk 0:13:10]} 25. Rb5
{[%clk 0:02:27]} Rf7 {[%clk 0:10:32]} 26. Rd1 {[%clk 0:02:18]} Rc8
{[%clk 0:07:28]} 27. Nd2 {[%clk 0:01:35]} e5 {[%clk 0:06:31]} 28. Nb1
{[%clk 0:01:09]} h5 {[%clk 0:06:14]} 29. Rb3 {[%clk 0:00:41]} h4 {[%clk 0:06:11]}
30. Bxh4 {[%clk 0:00:56]} Nxh4 {[%clk 0:06:37]} 31. Rg3 {[%clk 0:01:22]} Rg7
{[%clk 0:07:01]} 32. Nc3 {[%clk 0:01:40]} Nf5 {[%clk 0:03:35]} 33. Rh3
{[%clk 0:02:02]} Rb8 {[%clk 0:02:48]} 0-1

[Event "European Youth Chess Championship G18"]
[Site "Prague, Top Hotel Prague"]
[Date "2012.08.19"]
[Round "3.6"]
[White "Imeeva, Aisa"]
[Black "Foisor, Mihaela-Veronica"]
[Result "1-0"]
[WhiteElo "2095"]
[BlackElo "2220"]
[PlyCount "0"]
[EventDate "2012.08.17"]

1. e4 {[%clk 1:30:57]} e6 {[%clk 1:30:56]} 2. d4 {[%clk 1:31:23]} d5
{[%clk 1:31:22]} 3. Nd2 {[%clk 1:31:47]} Nf6 {[%clk 1:31:46]} 4. e5
{[%clk 1:32:12]} Nfd7 {[%clk 1:32:11]} 5. Bd3 {[%clk 1:32:37]} c5
{[%clk 1:32:37]} 6. c3 {[%clk 1:33:02]} Nc6 {[%clk 1:33:04]} 7. Ne2
{[%clk 1:33:24]} cxd4 {[%clk 1:33:28]} 8. cxd4 {[%clk 1:33:50]} f6
{[%clk 1:33:52]} 9. exf6 {[%clk 1:33:54]} Qxf6 {[%clk 1:34:17]} 10. Nf3
{[%clk 1:34:13]} h6 {[%clk 1:34:41]} 11. O-O {[%clk 1:34:27]} Bd6
{[%clk 1:35:07]} 12. Ng3 {[%clk 1:34:46]} O-O {[%clk 1:35:29]} 13. Bc2
{[%clk 1:35:07]} Rd8 {[%clk 1:35:46]} 14. Re1 {[%clk 1:35:15]} Nf8
{[%clk 1:36:01]} 15. Ne5 {[%clk 1:35:34]} Qh4 {[%clk 1:36:01]} 16. f4
{[%clk 1:33:49]} Bxe5 {[%clk 1:36:23]} 17. dxe5 {[%clk 1:34:07]} Bd7
{[%clk 1:36:16]} 18. Be3 {[%clk 1:32:05]} Rac8 {[%clk 1:35:27]} 19. Rc1
{[%clk 1:27:56]} Be8 {[%clk 1:28:00]} 20. Rf1 {[%clk 1:25:51]} Nb4
{[%clk 0:50:36]} 21. Bb1 {[%clk 1:23:24]} Rxc1 {[%clk 0:43:53]} 22. Qxc1
{[%clk 1:15:56]} Nc6 {[%clk 0:39:50]} 23. Bc5 {[%clk 1:15:20]} Ng6
{[%clk 0:27:43]} 24. Qc2 {[%clk 0:56:26]} b6 {[%clk 0:23:21]} 25. Bd6
{[%clk 0:56:31]} Nd4 {[%clk 0:21:22]} 26. Qd2 {[%clk 0:45:52]} Nb5
{[%clk 0:18:40]} 27. f5 {[%clk 0:44:41]} Nxd6 {[%clk 0:15:03]} 28. exd6
{[%clk 0:43:59]} Nf8 {[%clk 0:11:38]} 29. fxe6 {[%clk 0:41:18]} Nxe6
{[%clk 0:08:30]} 30. Nf5 {[%clk 0:41:08]} Qg5 {[%clk 0:06:21]} 31. Qxd5
{[%clk 0:31:08]} Bf7 {[%clk 0:04:58]} 32. Qe4 {[%clk 0:22:07]} g6
{[%clk 0:03:27]} 33. Ne7+ {[%clk 0:21:45]} Kg7 {[%clk 0:03:50]} 34. Qf3
{[%clk 0:16:23]} Rf8 {[%clk 0:01:07]} 35. Qc3+ {[%clk 0:16:17]} Kh7
{[%clk 0:00:51]} 36. Rxf7+ {[%clk 0:15:32]} Rxf7 {[%clk 0:01:16]} 37. Bxg6+
{[%clk 0:15:58]} Qxg6 {[%clk 0:01:38]} 38. Nxg6 {[%clk 0:16:24]} Kxg6
{[%clk 0:02:04]} 39. Qd3+ {[%clk 0:16:41]} Kg7 {[%clk 0:02:05]} 40. d7
{[%clk 0:46:26]} Nd8 {[%clk 0:31:57]} 41. Qg3+ {[%clk 0:46:35]} Kf8
{[%clk 0:31:26]} 42. Qd6+ {[%clk 0:46:28]} Kg8 {[%clk 0:31:36]} 43. Qc7
{[%clk 0:45:44]} 1-0

[Event "European Youth Chess Championship G18"]
[Site "Prague, Top Hotel Prague"]
[Date "2012.08.19"]
[Round "3.7"]
[White "Rakhmangulova, Anastasiya"]
[Black "Efroimski, Marsel"]
[Result "1/2-1/2"]
[WhiteElo "2234"]
[BlackElo "2174"]
[PlyCount "0"]
[EventDate "2012.08.17"]

1. e4 {[%clk 1:30:59]} e6 {[%clk 1:30:56]} 2. d3 {[%clk 1:31:23]} d5
{[%clk 1:31:21]} 3. Nd2 {[%clk 1:31:47]} Nf6 {[%clk 1:31:44]} 4. Ngf3
{[%clk 1:32:07]} b6 {[%clk 1:32:04]} 5. c3 {[%clk 1:32:32]} c5 {[%clk 1:32:04]}
6. Be2 {[%clk 1:31:55]} Bb7 {[%clk 1:32:23]} 7. Qc2 {[%clk 1:32:15]} Qc7
{[%clk 1:32:37]} 8. O-O {[%clk 1:30:54]} Be7 {[%clk 1:30:56]} 9. Re1
{[%clk 1:28:02]} O-O {[%clk 1:31:14]} 10. exd5 {[%clk 1:26:59]} Nxd5
{[%clk 1:30:30]} 11. Ne4 {[%clk 1:27:23]} Nc6 {[%clk 1:30:09]} 12. Bf1
{[%clk 1:25:52]} h6 {[%clk 1:29:53]} 13. Bd2 {[%clk 1:18:17]} Rad8
{[%clk 1:24:55]} 14. Qc1 {[%clk 1:16:22]} f5 {[%clk 1:19:57]} 15. Ng3
{[%clk 1:13:39]} f4 {[%clk 1:04:50]} 16. Ne4 {[%clk 1:08:06]} e5 {[%clk 1:01:21]}
17. a3 {[%clk 1:02:54]} Nf6 {[%clk 0:58:47]} 18. b4 {[%clk 1:00:28]} c4
{[%clk 0:52:30]} 19. Nxf6+ {[%clk 0:53:40]} Bxf6 {[%clk 0:50:54]} 20. d4
{[%clk 0:51:57]} exd4 {[%clk 0:34:21]} 21. Bxc4+ {[%clk 0:50:40]} Kh8
{[%clk 0:34:42]} 22. Bxf4 {[%clk 0:50:42]} Qd7 {[%clk 0:21:09]} 23. Be6
{[%clk 0:43:47]} Qe8 {[%clk 0:16:50]} 24. Bc7 {[%clk 0:33:35]} Qg6
{[%clk 0:13:38]} 25. Bxd8 {[%clk 0:22:51]} Ne5 {[%clk 0:10:01]} 26. Rxe5
{[%clk 0:20:38]} Bxe5 {[%clk 0:05:57]} 27. Qe1 {[%clk 0:12:05]} Rxf3
{[%clk 0:02:23]} 28. Bd5 {[%clk 0:09:36]} Bxh2+ {[%clk 0:00:40]} 29. Kxh2
{[%clk 0:09:02]} Bxd5 {[%clk 0:00:59]} 30. gxf3 {[%clk 0:06:50]} Qh5+
{[%clk 0:01:17]} 31. Kg3 {[%clk 0:04:32]} Qxf3+ {[%clk 0:01:42]} 32. Kh4
{[%clk 0:05:00]} Qf4+ {[%clk 0:00:47]} 33. Kh3 {[%clk 0:05:24]} Qf3+
{[%clk 0:00:40]} 34. Kh4 {[%clk 0:05:50]} Qf4+ {[%clk 0:00:40]} 35. Kh3
{[%clk 0:06:14]} Qf5+ {[%clk 0:00:33]} 36. Kg3 {[%clk 0:06:03]} Bf3
{[%clk 0:00:33]} 37. Qe8+ {[%clk 0:04:30]} Kh7 {[%clk 0:01:01]} 38. Rg1
{[%clk 0:04:47]} d3 {[%clk 0:01:02]} 39. Kh2 {[%clk 0:02:04]} d2 {[%clk 0:01:11]}
40. Qe7 {[%clk 0:32:20]} Qh5+ {[%clk 0:31:21]} 41. Qh4 {[%clk 0:32:11]} Qe5+
{[%clk 0:30:41]} 42. Qg3 {[%clk 0:31:59]} Qh5+ {[%clk 0:30:15]} 43. Qh4
{[%clk 0:29:58]} Qe5+ {[%clk 0:24:18]} 44. Qg3 {[%clk 0:30:14]} Qh5+
{[%clk 0:20:53]} 45. Qh4 {[%clk 0:29:09]} g5 {[%clk 0:11:34]} 46. Qxh5
{[%clk 0:28:11]} Bxh5 {[%clk 0:12:01]} 47. f4 {[%clk 0:25:14]} gxf4
{[%clk 0:12:05]} 48. Bf6 {[%clk 0:25:36]} d1=Q {[%clk 0:11:34]} 49. Rg7+
{[%clk 0:25:57]} Kh8 {[%clk 0:12:00]} 50. Rg1+ {[%clk 0:26:22]} Kh7
{[%clk 0:12:26]} 51. Rg7+ {[%clk 0:26:48]} Kh8 {[%clk 0:12:54]} 52. Rg1+
{[%clk 0:27:13]} 1/2-1/2

[Event "European Youth Chess Championship G18"]
[Site "Prague, Top Hotel Prague"]
[Date "2012.08.19"]
[Round "3.8"]
[White "Azimova, Karina"]
[Black "Iwanow, Anna"]
[Result "0-1"]
[WhiteElo "2050"]
[BlackElo "2205"]
[PlyCount "0"]
[EventDate "2012.08.17"]

1. e4 {[%clk 1:30:58]} e6 {[%clk 1:30:52]} 2. d4 {[%clk 1:30:11]} d5
{[%clk 1:31:14]} 3. exd5 {[%clk 1:30:29]} exd5 {[%clk 1:31:36]} 4. Bd3
{[%clk 1:30:38]} Nc6 {[%clk 1:30:42]} 5. c3 {[%clk 1:30:48]} Bd6 {[%clk 1:30:39]}
6. Nf3 {[%clk 1:29:41]} Nge7 {[%clk 1:29:56]} 7. O-O {[%clk 1:28:56]} Bg4
{[%clk 1:29:02]} 8. Nbd2 {[%clk 1:26:04]} Qd7 {[%clk 1:26:30]} 9. Re1
{[%clk 1:23:53]} O-O-O {[%clk 1:22:00]} 10. b4 {[%clk 1:21:08]} f6
{[%clk 1:16:27]} 11. Qa4 {[%clk 1:00:36]} Ng6 {[%clk 1:04:31]} 12. b5
{[%clk 0:54:33]} Nb8 {[%clk 1:03:32]} 13. c4 {[%clk 0:44:15]} Nf4
{[%clk 0:57:36]} 14. Bf1 {[%clk 0:38:07]} dxc4 {[%clk 0:55:16]} 15. Qxc4
{[%clk 0:36:42]} h5 {[%clk 0:51:23]} 16. a4 {[%clk 0:34:26]} Rh6 {[%clk 0:40:18]}
17. a5 {[%clk 0:28:38]} h4 {[%clk 0:29:12]} 18. b6 {[%clk 0:26:31]} axb6
{[%clk 0:26:18]} 19. axb6 {[%clk 0:24:46]} Rg6 {[%clk 0:17:58]} 20. Kh1
{[%clk 0:24:03]} c6 {[%clk 0:16:05]} 21. Ba3 {[%clk 0:22:28]} h3 {[%clk 0:11:04]}
22. g3 {[%clk 0:22:26]} Nd5 {[%clk 0:11:10]} 23. Qd3 {[%clk 0:19:39]} Bxa3
{[%clk 0:05:21]} 24. Rxa3 {[%clk 0:16:58]} Rh6 {[%clk 0:05:18]} 25. Qb3
{[%clk 0:14:22]} Rh5 {[%clk 0:04:06]} 26. Ne4 {[%clk 0:12:09]} Qe7
{[%clk 0:01:53]} 27. Ned2 {[%clk 0:05:04]} Qf8 {[%clk 0:01:21]} 28. Ra7
{[%clk 0:02:43]} Rf5 {[%clk 0:01:21]} 29. Rc1 {[%clk 0:01:23]} Qb4
{[%clk 0:00:55]} 30. Qxb4 {[%clk 0:00:50]} Nxb4 {[%clk 0:01:24]} 31. Be2
{[%clk 0:00:54]} Re8 {[%clk 0:01:42]} 32. Ne5 {[%clk 0:00:35]} Bxe2
{[%clk 0:01:46]} 33. Nec4 {[%clk 0:00:40]} Bxc4 {[%clk 0:01:09]} 34. Nxc4
{[%clk 0:01:04]} Rd5 {[%clk 0:01:17]} 35. Na5 {[%clk 0:01:00]} Re7
{[%clk 0:00:51]} 36. Nb3 {[%clk 0:01:18]} Rb5 {[%clk 0:00:46]} 37. d5
{[%clk 0:00:55]} Nxd5 {[%clk 0:00:45]} 38. Nd4 {[%clk 0:00:57]} Rxb6
{[%clk 0:00:53]} 0-1

[Event "European Youth Chess Championship G18"]
[Site "Prague, Top Hotel Prague"]
[Date "2012.08.19"]
[Round "3.9"]
[White "Gevorgyan, Maria"]
[Black "Turkova, Karolina"]
[Result "1-0"]
[WhiteElo "2069"]
[BlackElo "2004"]
[PlyCount "0"]
[EventDate "2012.08.17"]

1. e4 {[%clk 1:30:57]} e5 {[%clk 1:30:45]} 2. Nf3 {[%clk 1:31:21]} Nc6
{[%clk 1:31:06]} 3. Bb5 {[%clk 1:31:45]} a6 {[%clk 1:31:02]} 4. Ba4
{[%clk 1:32:10]} Nf6 {[%clk 1:30:44]} 5. O-O {[%clk 1:32:30]} Be7
{[%clk 1:30:47]} 6. Re1 {[%clk 1:32:45]} b5 {[%clk 1:30:40]} 7. Bb3
{[%clk 1:33:09]} d6 {[%clk 1:30:36]} 8. c3 {[%clk 1:29:12]} O-O {[%clk 1:30:15]}
9. h3 {[%clk 1:29:30]} Na5 {[%clk 1:29:49]} 10. Bc2 {[%clk 1:29:53]} c5
{[%clk 1:29:08]} 11. d4 {[%clk 1:29:38]} Qc7 {[%clk 1:27:28]} 12. Nbd2
{[%clk 1:29:42]} cxd4 {[%clk 1:26:17]} 13. cxd4 {[%clk 1:30:06]} Nc6
{[%clk 1:25:44]} 14. Nb3 {[%clk 1:30:10]} a5 {[%clk 1:24:11]} 15. Be3
{[%clk 1:30:13]} a4 {[%clk 1:23:22]} 16. Nbd2 {[%clk 1:30:35]} Bd7
{[%clk 1:22:00]} 17. Rc1 {[%clk 1:30:36]} Qb7 {[%clk 1:18:41]} 18. Qe2
{[%clk 1:30:47]} Rfe8 {[%clk 1:15:50]} 19. Bd3 {[%clk 1:30:40]} Rab8
{[%clk 1:11:55]} 20. dxe5 {[%clk 1:30:11]} Nxe5 {[%clk 1:09:49]} 21. Nxe5
{[%clk 1:30:33]} dxe5 {[%clk 1:10:12]} 22. Bc5 {[%clk 1:30:58]} Bc6
{[%clk 1:08:07]} 23. Nf3 {[%clk 1:31:17]} Bxc5 {[%clk 0:52:40]} 24. Rxc5
{[%clk 1:31:41]} Nd7 {[%clk 0:49:08]} 25. Rc3 {[%clk 1:25:33]} Nf6
{[%clk 0:34:19]} 26. Qc2 {[%clk 1:17:47]} Rbc8 {[%clk 0:21:29]} 27. Rc1
{[%clk 1:14:15]} Bd7 {[%clk 0:15:33]} 28. Nxe5 {[%clk 1:06:51]} Rxc3
{[%clk 0:14:52]} 29. Qxc3 {[%clk 1:07:14]} Be6 {[%clk 0:12:53]} 30. Qc6
{[%clk 1:01:27]} Qxc6 {[%clk 0:07:07]} 31. Nxc6 {[%clk 1:01:10]} Bxa2
{[%clk 0:04:44]} 32. Bxb5 {[%clk 0:55:16]} Rxe4 {[%clk 0:02:38]} 33. f3
{[%clk 0:55:27]} Rf4 {[%clk 0:01:18]} 34. g3 {[%clk 0:54:00]} Rxf3
{[%clk 0:01:12]} 35. Ne5 {[%clk 0:53:52]} Rxg3+ {[%clk 0:00:50]} 36. Kh2
{[%clk 0:54:14]} Rxh3+ {[%clk 0:00:44]} 37. Kxh3 {[%clk 0:54:37]} Be6+
{[%clk 0:00:46]} 38. Kh2 {[%clk 0:54:54]} h5 {[%clk 0:00:49]} 39. Bc4
{[%clk 0:52:34]} Bxc4 {[%clk 0:00:38]} 40. Rxc4 {[%clk 1:22:56]} g5
{[%clk 0:30:51]} 41. Rxa4 {[%clk 1:22:36]} Ne8 {[%clk 0:26:41]} 42. Ra8
{[%clk 1:22:18]} Kf8 {[%clk 0:27:04]} 43. b4 {[%clk 1:22:04]} Ke7
{[%clk 0:26:50]} 44. b5 {[%clk 1:21:01]} Nd6 {[%clk 0:26:01]} 45. b6
{[%clk 1:21:23]} Ke6 {[%clk 0:25:22]} 46. Nc4 {[%clk 1:21:02]} Nb7
{[%clk 0:23:47]} 47. Rc8 {[%clk 1:18:49]} f5 {[%clk 0:22:36]} 48. Rc6+
{[%clk 1:18:39]} Kd5 {[%clk 0:22:00]} 49. Rc7 {[%clk 1:19:03]} Nc5
{[%clk 0:18:19]} 50. Ne3+ {[%clk 1:19:27]} Ke4 {[%clk 0:17:44]} 51. Rxc5 1-0